000 00616nam a2200229Ia 4500
003 OSt
005 20220925231707.0
006 a|||||r|||| 00| 0
007 ta
008 220923b |||||||| |||| 00| 0 eng d
037 _cGeneral Book
040 _aRTL
_cRTL
_beng
041 _2eng
_aeng
082 _aX7295.3.J8, K2
100 _aWillan T S Ed.
_9295900
245 0 _aTudor book of rates
260 _aManchester
_bUniversity Press
_c1962
300 _aiv,97p.
_ccm.
650 _aCustoms Duty
942 _hX7295.3.J8, K2
_cGB
_2CC
999 _c589161
_d589161